[Event "Sachsen-ch U18"]
[Site "Sebnitz"]
[Date "2006.04.21"]
[Round "6"]
[White "Boettger, Lukas"]
[Black "Morawitz, Falk"]
[Result "1-0"]
[WhiteElo "2072"]
[BlackElo "1733"]
[PlyCount "75"]
[EventDate "2006.04.18"]
[EventType "swiss"]
[EventRounds "7"]
[EventCountry "GER"]
[SourceTitle "EXT 2007"]
[Source "ChessBase"]
[SourceDate "2006.11.23"]
[SourceVersion "1"]
[SourceVersionDate "2006.11.23"]
[SourceQuality "1"]

1. d4 Nf6 2. c4 e5 3. dxe5 Ng4 4. Bf4 g5 5. Bd2 Bg7 6. e3 Nxe5 7. Bc3 Qe7 8. Be2 Rg8 9. Nf3 Nbc6 10. a3 d6 11. 0-0 Be6 12. Nbd2 0-0-0 13. Nd4 f5 14. b4 Nxd4 15. exd4 Ng4 16. b5 Bd7 17. a4 Ne3 18. Qb3 Nxf1 19. Bxf1 g4 20. b6 cxb6 21. a5 Kb8 22. axb6 a6 23. Qa3 Bc8 24. Nb3 f4 25. c5 g3 26. c6 gxf2+ 27. Kh1 bxc6 28. Na5 Qd7 29. b7 Bxb7 30. Rb1 Rge8 31. Rxb7+ Qxb7 32. Nxb7 Re1 33. Qxa6 f3 34. Na5 Rxf1+ 35. Qxf1 Rf8 36. Qb1+ Kc8 37. Qb7+ Kd8 38. Nxc6+ 1-0